000 00503nam a22001817a 4500
999 _c165025
_d165025
005 20190603150710.0
010 _aENG-125449
020 _a9789350451694
_c250.00
035 _aEN-108981
037 _bDBAD/PUB
082 _aS
100 _aMukhopadhyay, Anway
245 _aAfter the three eyes /
_cby Anway Mukhopadhyay
260 _aCalcutta
_bWriters Workshop Redbird Book
_c2018
270 _a162/92, Lake Garden,
_bCulcutta
_e700045
300 _a76p.
_c22cms(Hb)
942 _2ddc
_cEN
_hS
_mAFT